Prax si vyžiadala detailnejšie pravidlá pre výber živností

Slovenská ústava umožňuje občanovi podnikať v predmete činnosti, ktorý si sám určí. Ziadaťeľ musí jasne definovať predmet činnotsi. Rezort vnútra má záujem pripraviť obsahové náplne všetkých remeselných živností vo forme metodickej pomôcky. Zjednotenie podmienok a terminológie.

Gespeichert in:
Bibliographische Detailangaben
1. Verfasser: Gossányi, Vojtech
Format: Buchkapitel
Sprache:Slowakisch
Schlagworte:
Tags: Tag hinzufügen
Keine Tags, Fügen Sie das erste Tag hinzu!

MARC

LEADER 00000naa$a2200000$$$4500
001 0035515
005 20231004131053.4
041 0 |a slo 
044 |a SK 
245 1 0 |a Prax si vyžiadala detailnejšie pravidlá pre výber živností  |c Vojtech Gossányi 
520 |a Slovenská ústava umožňuje občanovi podnikať v predmete činnosti, ktorý si sám určí. Ziadaťeľ musí jasne definovať predmet činnotsi. Rezort vnútra má záujem pripraviť obsahové náplne všetkých remeselných živností vo forme metodickej pomôcky. Zjednotenie podmienok a terminológie. 
610 2 0 |a živnosti 
610 2 0 |a živnostníci 
610 2 0 |a remeslá 
610 2 0 |a definície 
610 2 0 |a ministerstvá 
610 2 0 |a metodika 
100 1 |a Gossányi, Vojtech